Normal view
MARC view
- Mishra ,B .
Entry Personal Name
001 - CONTROL NUMBER
- control field: 3158
003 - CONTROL NUMBER IDENTIFIER
- control field: OSt
005 - DATE AND TIME OF LATEST TRANSACTION
- control field: 20180605115054.0
008 - FIXED-LENGTH DATA ELEMENTS
- fixed length control field: 180605|| aca||aabn | a|a d
040 ## - CATALOGING SOURCE
- Original cataloging agency: OSt
- Transcribing agency: OSt
100 ## - HEADING--PERSONAL NAME
- Personal name: Mishra ,B .
670 ## - SOURCE DATA FOUND
- Source citation: Work cat.: (OSt): Ram ,sewa 3157, Cereals processing and nutritional quality, 2010 .
